[Event "Colombo Grand Prix"]
[Site "Colombo"]
[Date "2014.11.22"]
[Round "3"]
[White "Jayasundara, PK Udith Madusank"]
[Black "Bhagya, Viman"]
[Result "1-0"]
[WhiteElo "2046"]
[BlackElo "2025"]
[PlyCount "139"]
[EventDate "2014.11.21"]
[EventType "tourn"]
[EventRounds "11"]
[EventCountry "SRI"]
[SourceTitle "CBM 163 Extra"]
[Source "ChessBase"]
[SourceDate "2014.12.23"]
[SourceVersion "1"]
[SourceVersionDate "2014.12.23"]
[SourceQuality "1"]

1. e4 e5 2. Nf3 Nc6 3. Bc4 Bc5 4. 0-0 Nf6 5. Nc3 d6 6. d3 h6 7. Be3 Bb6 8. Nd5 Nxd5 9. exd5 Ne7 10. Bxb6 axb6 11. d4 exd4 12. Qxd4 0-0 13. Rfe1 Kh8 14. Re2 Ng8 15. Rae1 Bd7 16. a3 Qf6 17. Qxf6 Nxf6 18. Re7 Rfe8 19. Kf1 Rxe7 20. Rxe7 Kg8 21. Ke2 Kf8 22. Re3 Bf5 23. Bb3 Be4 24. c4 b5 25. cxb5 Bxd5 26. g3 Re8 27. Rxe8+ Kxe8 28. Bxd5 Nxd5 29. Nd4 g6 30. Kd3 Kd7 31. a4 f5 32. b3 c5 33. Ne2 Kc7 34. a5 Nf6 35. f3 Nd7 36. Nc3 Ne5+ 37. Ke2 Kd7 38. f4 Nf7 39. Kd3 Nd8 40. Nd5 Ne6 41. Kc4 Nd4 42. b4 Ne6 43. bxc5 Nxc5 44. Nb4 Kc7 45. Kd5 Nb3 46. a6 bxa6 47. bxa6 Nd2 48. a7 Kb7 49. Kxd6 Nf3 50. h4 Nd2 51. Ke6 Ne4 52. Kf7 g5 53. Kg6 Nxg3 54. fxg5 hxg5 55. Kxg5 Kxa7 56. Nd5 Kb7 57. Ne3 f4 58. Kxf4 Nh5+ 59. Kg5 Ng7 60. Kg6 Ne6 61. Ng2 Kc7 62. Kf6 Kd7 63. h5 Ke8 64. Kxe6 Kf8 65. Kf6 Kg8 66. Kg6 Kh8 67. Nh4 Kg8 68. Nf3 Kh8 69. Ng5 Kg8 70. h6 1-0

[Event "Asia zt 3.2"]
[Site "Colombo"]
[Date "2013.02.06"]
[Round "6"]
[White "Amarasinghe, AACB"]
[Black "Jayasundara, PK Udith Madusank"]
[Result "0-1"]
[WhiteElo "1868"]
[BlackElo "2097"]
[PlyCount "50"]
[EventDate "2013.02.03"]
[EventType "swiss"]
[EventRounds "9"]
[EventCountry "SRI"]
[SourceTitle "CBM 153 Extra"]
[Source "ChessBase"]
[SourceDate "2013.04.22"]
[SourceVersion "1"]
[SourceVersionDate "2013.04.22"]
[SourceQuality "1"]

1. e4 e6 2. d4 d5 3. Nc3 Nf6 4. Bg5 dxe4 5. Nxe4 Be7 6. Bxf6 Bxf6 7. Nf3 Nd7 8. Bd3 Be7 9. Qe2 Nf6 10. h4 Qd5 11. c4 Qa5+ 12. Kf1 Qh5 13. a3 Bd7 14. Nxf6+ gxf6 15. Re1 0-0-0 16. b4 Rhg8 17. b5 c6 18. a4 Bd6 19. c5 Bc7 20. Be4 Qg4 21. g3 Ba5 22. Rb1 f5 23. Bxc6 Bxc6 24. bxc6 Qe4 25. cxb7+ Kc7 0-1

[Event "Asia zt 3.2"]
[Site "Colombo"]
[Date "2013.02.05"]
[Round "4"]
[White "Kavinda, Akila"]
[Black "Jayasundara, PK Udith Madusank"]
[Result "1-0"]
[WhiteElo "1987"]
[BlackElo "2097"]
[PlyCount "51"]
[EventDate "2013.02.03"]
[EventType "swiss"]
[EventRounds "9"]
[EventCountry "SRI"]
[SourceTitle "CBM 153 Extra"]
[Source "ChessBase"]
[SourceDate "2013.04.22"]
[SourceVersion "1"]
[SourceVersionDate "2013.04.22"]
[SourceQuality "1"]

1. e4 e5 2. Bc4 Nf6 3. d3 Nc6 4. c3 Be7 5. Nf3 0-0 6. Bb3 d6 7. h3 a6 8. 0-0 Na5 9. Bc2 b5 10. a4 Bb7 11. Re1 c5 12. Nbd2 Re8 13. Nf1 h6 14. Ng3 Bf8 15. Nf5 d5 16. Bd2 c4 17. d4 exd4 18. N3xd4 dxe4 19. Re3 g6 20. Ng3 Bd6 21. axb5 axb5 22. Re1 Kh7 23. Nxb5 Bxg3 24. fxg3 Qd5 25. Be3 Qxb5 26. Ba4 1-0

[Event "Asia zt 3.2"]
[Site "Colombo"]
[Date "2013.02.04"]
[Round "3"]
[White "Jayasundara, PK Udith Madusank"]
[Black "Priyankara, Chamil Y"]
[Result "1-0"]
[WhiteElo "2097"]
[BlackElo "1960"]
[PlyCount "90"]
[EventDate "2013.02.03"]
[EventType "swiss"]
[EventRounds "9"]
[EventCountry "SRI"]
[SourceTitle "CBM 153 Extra"]
[Source "ChessBase"]
[SourceDate "2013.04.22"]
[SourceVersion "1"]
[SourceVersionDate "2013.04.22"]
[SourceQuality "1"]

1. e4 c5 2. Nf3 e6 3. d4 cxd4 4. Nxd4 a6 5. Be2 Qc7 6. a3 Nf6 7. Nc3 b5 8. 0-0 Bb7 9. Re1 d6 10. f4 Nbd7 11. Bf3 Rc8 12. Qe2 Nb6 13. Be3 Be7 14. Bf2 0-0 15. Rab1 Nc4 16. a4 b4 17. Na2 d5 18. exd5 Bxd5 19. Bxd5 Nxd5 20. Nxe6 fxe6 21. Qxe6+ Rf7 22. Qxd5 Rd8 23. Qe6 Rd6 24. Qg4 Rg6 25. Qf3 Nd2 26. Qa8+ Bf8 27. Nxb4 Qxf4 28. Nd3 Qc7 29. Ne5 Nxb1 30. Nxf7 Qxf7 31. Rxb1 Qa2 32. Rf1 Rf6 33. Qb7 Qxa4 34. Qd5+ Kh8 35. b3 Qf4 36. Qd4 Qf5 37. c4 Qc2 38. Qe3 h6 39. g3 a5 40. Rc1 Qb2 41. Re1 a4 42. bxa4 Qb4 43. Qd3 Qxa4 44. Bd4 Rd6 45. Rf1 Rd8 1-0

[Event "Asia zt 3.2"]
[Site "Colombo"]
[Date "2013.02.03"]
[Round "1"]
[White "Jayasundara, PK Udith Madusank"]
[Black "Prabajith, Asela"]
[Result "0-1"]
[WhiteElo "2097"]
[BlackElo "1863"]
[PlyCount "72"]
[EventDate "2013.02.03"]
[EventType "swiss"]
[EventRounds "9"]
[EventCountry "SRI"]
[SourceTitle "CBM 153 Extra"]
[Source "ChessBase"]
[SourceDate "2013.04.22"]
[SourceVersion "1"]
[SourceVersionDate "2013.04.22"]
[SourceQuality "1"]

1. e4 e6 2. d4 b6 3. Nf3 Bb7 4. Bd3 Nf6 5. Qe2 d6 6. 0-0 Be7 7. c4 Nbd7 8. Nc3 0-0 9. a3 c5 10. d5 e5 11. Bc2 a6 12. a4 Re8 13. Bd2 g6 14. Ne1 Nh5 15. Nd3 Bf8 16. Rae1 Bc8 17. g4 Ng7 18. f4 Be7 19. Qg2 f6 20. b3 Nf8 21. Re2 Bd7 22. fxe5 fxe5 23. Bh6 Bg5 24. Bxg5 Qxg5 25. h3 Bc8 26. Ref2 Ra7 27. b4 Rc7 28. a5 cxb4 29. Nxb4 Rxc4 30. Rxf8+ Rxf8 31. Rxf8+ Kxf8 32. Qf1+ Nf5 33. Qxc4 Qe3+ 34. Kf1 Qc1+ 35. Nd1 Ne3+ 36. Ke2 Nxc4 0-1

[Event "Wch U18"]
[Site "Maribor"]
[Date "2012.11.17"]
[Round "10.39"]
[White "Skouvaklis, Alexis"]
[Black "Jayasundara, PK Udith Madusank"]
[Result "1/2-1/2"]
[WhiteElo "2167"]
[BlackElo "2059"]
[PlyCount "77"]
[EventDate "2012.11.08"]
[EventType "swiss"]
[EventRounds "11"]
[EventCountry "SLO"]
[SourceTitle "EXT 2013"]
[Source "ChessBase"]
[SourceDate "2012.11.22"]
[SourceVersion "1"]
[SourceVersionDate "2012.11.22"]
[SourceQuality "1"]

1. e4 d6 2. d4 Nf6 3. Nc3 g6 4. f4 Bg7 5. Nf3 0-0 6. Be3 Nbd7 7. e5 Ng4 8. Bg1 c5 9. e6 fxe6 10. Ng5 Ndf6 11. dxc5 h6 12. Nf3 Qa5 13. Nd2 h5 14. Nc4 Qd8 15. Bd3 Nd5 16. Ne2 Nxf4 17. Nxf4 Rxf4 18. h3 d5 19. hxg4 dxc4 20. Be3 Rxg4 21. Be2 Qa5+ 22. c3 Re4 23. Rh3 b5 24. Qd2 Re5 25. Bf3 Rb8 26. Kf2 Ba6 27. Qd7 Rf8 28. Bd4 Ref5 29. Qxe6+ Kh8 30. Bxg7+ Kxg7 31. Rg3 R5f6 32. Qxe7+ R8f7 33. Qe5 Qd8 34. Re1 Bb7 35. Kg1 Bxf3 36. Rxf3 Kg8 37. Qe8+ Qxe8 38. Rxe8+ Kg7 39. Rfe3 1/2-1/2

[Event "Wch U18"]
[Site "Maribor"]
[Date "2012.11.12"]
[Round "6.36"]
[White "Borisenko, Viacheslav"]
[Black "Jayasundara, PK Udith Madusank"]
[Result "1-0"]
[WhiteElo "2276"]
[BlackElo "2059"]
[PlyCount "91"]
[EventDate "2012.11.08"]
[EventType "swiss"]
[EventRounds "11"]
[EventCountry "SLO"]
[SourceTitle "EXT 2013"]
[Source "ChessBase"]
[SourceDate "2012.11.22"]
[SourceVersion "1"]
[SourceVersionDate "2012.11.22"]
[SourceQuality "1"]

1. e4 e5 2. Nf3 Nc6 3. Bb5 a6 4. Ba4 Nf6 5. d3 b5 6. Bb3 Be7 7. 0-0 0-0 8. Re1 d6 9. c3 Na5 10. Bc2 c5 11. Nbd2 Re8 12. Nf1 Bf8 13. d4 cxd4 14. cxd4 Nc6 15. d5 Na5 16. h3 g6 17. Bd3 Bd7 18. b4 Nc4 19. Bxc4 bxc4 20. Bg5 h6 21. Bxf6 Qxf6 22. Qe2 Rec8 23. a4 Rab8 24. Reb1 h5 25. Ne3 Qf4 26. Nxc4 f5 27. Nfd2 fxe4 28. Nxe4 Bf5 29. f3 Rc7 30. b5 Rbc8 31. g3 Qh6 32. Rc1 axb5 33. axb5 Bxh3 34. b6 Rb7 35. Rcb1 Rcb8 36. Ra6 Bf5 37. Na5 Rg7 38. b7 Bc8 39. bxc8Q Rxc8 40. Nc6 g5 41. Qe3 Qg6 42. Rab6 g4 43. fxg4 hxg4 44. Rb8 Rcc7 45. Rxf8+ Kxf8 46. Rb8+ 1-0

[Event "Wch U18"]
[Site "Maribor"]
[Date "2012.11.12"]
[Round "5.47"]
[White "Jayasundara, PK Udith Madusank"]
[Black "Copi, Ambroz"]
[Result "1-0"]
[WhiteElo "2059"]
[BlackElo "1729"]
[PlyCount "55"]
[EventDate "2012.11.08"]
[EventType "swiss"]
[EventRounds "11"]
[EventCountry "SLO"]
[SourceTitle "EXT 2013"]
[Source "ChessBase"]
[SourceDate "2012.11.22"]
[SourceVersion "1"]
[SourceVersionDate "2012.11.22"]
[SourceQuality "1"]

1. e4 e6 2. d4 d5 3. Nc3 Nf6 4. Bg5 dxe4 5. Nxe4 Be7 6. Bxf6 gxf6 7. Nf3 Bd7 8. Bd3 Bc6 9. Qd2 Nd7 10. h4 h6 11. Qa5 Nb6 12. 0-0-0 Qd5 13. Nc5 Nc4 14. Qxc7 Bxc5 15. dxc5 Qxc5 16. Qf4 Nb6 17. Qxf6 Rg8 18. Ne5 Qe7 19. Qxe7+ Kxe7 20. Nxc6+ bxc6 21. Be4 Rac8 22. Rd3 Rc7 23. g3 Rb8 24. Bg2 Nd7 25. Rhd1 Nf6 26. Rc3 c5 27. Rd4 Rbc8 28. Ra4 1-0